Process systems analysis and control (Record no. 13575)

000 -LEADER
fixed length control field 00578nam a22002051 4500
001 - CONTROL NUMBER
control field 13575
003 - CONTROL NUMBER IDENTIFIER
control field BD-DhUET
008 - FIXED-LENGTH DATA ELEMENTS--GENERAL INFORMATION
fixed length control field 730306s1965 nyua b 000 0 eng
040 ## - CATALOGING SOURCE
Original cataloging agency DLC
Transcribing agency DLC
Modifying agency BD-DhUET
082 ## - DEWEY DECIMAL CLASSIFICATION NUMBER
Classification number 660.284
Item number COU/1965
100 1# - MAIN ENTRY--PERSONAL NAME
Personal name Coughanowr, Donald R.
245 10 - TITLE STATEMENT
Title Process systems analysis and control
250 ## - EDITION STATEMENT
Edition statement 1st ed.
260 ## - PUBLICATION, DISTRIBUTION, ETC. (IMPRINT)
Place of publication, distribution, etc. New York
Name of publisher, distributor, etc. McGraw-Hill
Date of publication, distribution, etc. 1965
300 ## - PHYSICAL DESCRIPTION
Extent xii, 491 p.
Other physical details ill.
Dimensions 21 cm.
490 ## - SERIES STATEMENT
Series statement McGraw-Hill chemical engineering series
650 #0 - SUBJECT ADDED ENTRY--TOPICAL TERM
Topical term or geographic name as entry element Control devices process engineering
700 ## - ADDED ENTRY--PERSONAL NAME
Personal name Koppel, Lowell B.
942 ## - ADDED ENTRY ELEMENTS (KOHA)
Koha item type General Book
Holdings
Shelving location Koha issues (times borrowed) Source of classification or shelving scheme Location (home branch) Koha date last seen Koha full call number Price effective from Damaged status Sublocation or collection (holding branch) Koha item type Withdrawn status Not for loan Koha date last borrowed Piece designation (barcode) Lost status Copy number Date acquired Koha normalized classification for sorting
Circulation section  Central Library, BUET2015-03-03660.284/COU/19652015-03-03 Central Library, BUETGeneral Book   29699 12015-03-03660_284000000000000_COU_1965
Circulation section1 Central Library, BUET2017-05-09660.284/COU/19652015-03-03 Central Library, BUETGeneral Book  2017-05-0929689 22015-03-03660_284000000000000_COU_1965
Circulation section  Central Library, BUET2015-03-03660.284/COU/19652015-03-03 Central Library, BUETGeneral Book   29697 32015-03-03660_284000000000000_COU_1965
Circulation section  Central Library, BUET2015-03-03660.284/COU/19652015-03-03 Central Library, BUETGeneral Book   29692 42015-03-03660_284000000000000_COU_1965
Circulation section  Central Library, BUET2015-03-03660.284/COU/19652015-03-03 Central Library, BUETGeneral Book   29698 52015-03-03660_284000000000000_COU_1965
Circulation section  Central Library, BUET2015-03-03660.284/COU/19652015-03-03 Central Library, BUETGeneral Book   29690 62015-03-03660_284000000000000_COU_1965
Cataloging to Circulation  Central Library, BUET2015-03-03660.284/COU/19652015-03-03 Central Library, BUETGeneral Book   29688 72015-03-03660_284000000000000_COU_1965
Circulation section  Central Library, BUET2015-03-04660.284/COU/19652015-03-04 Central Library, BUETGeneral Book   34519 82015-03-04660_284000000000000_COU_1965
Circulation section  Central Library, BUET2015-05-11660.284/COU/19652015-05-11 Central Library, BUETGeneral Book   29694 92015-05-11660_284000000000000_COU_1965
Circulation section  Central Library, BUET2015-05-11660.284/COU/19652015-05-11 Central Library, BUETGeneral Book   29696 102015-05-11660_284000000000000_COU_1965
Circulation section  Central Library, BUET2015-05-13660.284/COU/19652015-05-13 Central Library, BUETGeneral Book   29695 112015-05-13660_284000000000000_COU_1965
Circulation section  Central Library, BUET2015-05-14660.284/COU/19652015-05-14 Central Library, BUETGeneral Book   17869 122015-05-14660_284000000000000_COU_1965
Circulation section  Central Library, BUET2015-05-18660.284/COU/19652015-05-18 Central Library, BUETGeneral Book   15822 132015-05-18660_284000000000000_COU_1965
Reading section  Central Library, BUET2015-06-20660.284/COU/19652015-06-20 Central Library, BUETGeneral Book   29700 142015-06-20660_284000000000000_COU_1965
Reading section  Central Library, BUET2015-06-20660.284/COU/19652015-06-20 Central Library, BUETGeneral Book   29701 152015-06-20660_284000000000000_COU_1965
Circulation section  Central Library, BUET2015-07-10660.284/COU/19652015-07-10 Central Library, BUETGeneral Book   16716 162015-07-10660_284000000000000_COU_1965